[Event "Druzynowe  Mistrzostwa Polski w Szachach - I liga"]
[Site "Poronin-Limba"]
[Date "1899-12-30"]
[Round "7.17"]
[White "Banach, Szymon"]
[Black "Karbowiak, Adam"]
[Result "1-0"]
[WhiteTitle "I++"]
[BlackTitle "k+"]
[WhiteElo "2013"]
[BlackElo "2101"]

1. d4 g6 2. e4 Bg7 3. Nc3 d6 4. Be3 Nf6 5. f3 c6 6. Qd2 Nbd7 7. a3 a5 8. g4 Qc7
9. h4 e5 10. h5 Nb6 11. dxe5 dxe5 12. O-O-O Be6 13. Nh3 Nfd7 14. Ng5 Bc4 15. hxg6
hxg6 16. Rxh8+ Bxh8 17. Na4 c5 18. Bxc4 Nxc4 19. Qd5 Ndb6 20. Nxb6 Nxe3 21. Nxa8
Nxd5 22. Nxc7+ Nxc7 23. Nxf7 g5 24. Nxg5 1-0

[Event "Druzynowe  Mistrzostwa Polski w Szachach - I liga"]
[Site "Poronin-Limba"]
[Date "1899-12-30"]
[Round "7.19"]
[White "Butkiewicz, Lukasz"]
[Black "Hnydiuk, Aleksander"]
[Result "1-0"]
[WhiteTitle "IM"]
[BlackTitle "IM"]
[WhiteElo "2462"]
[BlackElo "2409"]

1. d4 Nf6 2. c4 g6 3. Nc3 d5 4. Bg5 Bg7 5. Bxf6 Bxf6 6. cxd5 c5 7. dxc5 Nd7 8.
e3 O-O 9. Bc4 Nxc5 10. Nge2 Qa5 11. Qd2 b5 12. Nxb5 Qxd2+ 13. Kxd2 Rb8 14. Rhb1
Bf5 15. Nbd4 Bxb1 16. Rxb1 Rfc8 17. Nc6 Rb6 18. b4 e6 19. Rc1 Ne4+ 20. Ke1 Nd6
21. Bb3 exd5 22. Bxd5 Ra6 23. e4 Re8 24. f3 Kg7 25. Kf2 Bg5 26. Rc2 Rc8 27. Ned4
h5 28. g3 Kf8 29. f4 Be7 30. Ke3 h4 31. g4 Ne8 32. e5 Nc7 33. Nxe7 Nxd5+ 34. Nxd5
Ra3+ 35. Kf2 Rxc2+ 36. Nxc2 Rxa2 37. Nde3 a5 38. bxa5 Rxa5 39. g5 Ke7 40. h3 Rb5
41. Nd4 Rb1 42. Ne2 Rh1 43. Ng1 Rh2+ 44. Kf3 1-0

[Event "Druzynowe  Mistrzostwa Polski w Szachach - I liga"]
[Site "Poronin-Limba"]
[Date "1899-12-30"]
[Round "7.20"]
[White "Plat, Vojtech"]
[Black "Brodowski, Piotr"]
[Result "1-0"]
[WhiteTitle "GM"]
[BlackTitle "IM"]
[WhiteElo "2539"]
[BlackElo "2439"]

1. d4 c5 2. Nf3 cxd4 3. Nxd4 Nc6 4. c4 g6 5. g3 Bg7 6. Nc2 d6 7. Bg2 Nf6 8. Nc3
O-O 9. O-O Be6 10. Nd5 Rc8 11. Bg5 Ng4 12. h3 h6 13. Bd2 Nge5 14. b3 f5 15. Bc3
Bf7 16. Qd2 g5 17. f4 gxf4 18. Nxf4 e6 19. e4 fxe4 20. Bxe4 b5 21. cxb5 d5 22.
Bg2 Ne7 23. Nd4 Qb6 24. Nfe2 N5g6 25. Ba5 Qb8 26. Qb4 Be5 27. Rae1 Kh7 28. Nc6
Nxc6 29. bxc6 Kg8 30. Qxb8 Bxb8 31. Rc1 Be5 32. Bd2 Be8 33. Rxf8+ Nxf8 34. Bxh6
Rxc6 35. Rxc6 Bxc6 36. Be3 Bb8 37. Nd4 Bb7 38. Kf2 Kf7 39. Nb5 a6 40. Nc3 Nd7
41. g4 Be5 42. Ne2 Bd6 43. g5 Nc5 44. Nf4 Ne4+ 45. Bxe4 dxe4 46. h4 Bc8 47. h5
e5 48. Ne2 Bg4 49. Ng3 Be7 50. h6 Kg6 51. Nxe4 Bd1 52. Nc3 Bc2 53. Nd5 Ba3 54.
Nb6 Bb2 55. Nd7 Kf7 56. Nf6 Bb1 57. a4 e4 58. b4 Bd3 59. Nd5 Bc4 60. Nf4 Bc3 61.
g6+ Kf6 62. b5 axb5 63. axb5 Bxb5 64. Nd5+ Kxg6 65. Nxc3 Bd7 66. Bf4 e3+ 67. Kxe3
Bf5 68. Kd4 Kf7 69. Ke5 Bg6 70. Ne4 Kg8 71. Ng5 Bb1 72. Kf6 Bc2 73. Ke7 Bb1 74.
Be5 Bc2 75. Bg7 Bb1 76. Ne6 Bc2 77. Nc7 Kh7 78. Ne8 Kg6 79. Nf6 Kg5 80. Bf8 Bb1
81. Kf7 Bc2 82. Kg7 Bb1 83. Be7 Bf5 84. Nd5+ 1-0

[Event "Druzynowe  Mistrzostwa Polski w Szachach - I liga"]
[Site "Poronin-Limba"]
[Date "1899-12-30"]
[Round "7.21"]
[White "Luch, Michal"]
[Black "Nguyen, Piotr"]
[Result "0-1"]
[WhiteTitle "IM"]
[BlackTitle "IM"]
[WhiteElo "2383"]
[BlackElo "2409"]

1. d4 Nf6 2. c4 g6 3. g3 Bg7 4. Bg2 O-O 5. Nc3 d6 6. Nf3 c6 7. O-O Bf5 8. Nd2 e5
9. d5 Qd7 10. Re1 cxd5 11. cxd5 Na6 12. Nb3 Ne8 13. e4 Bh3 14. Qe2 Bxg2 15. Kxg2
Nc5 16. Nxc5 dxc5 17. a4 f5 18. f3 f4 19. g4 Bf6 20. Kh1 Nd6 21. b3 b6 22. Nb5
Nf7 23. Na3 Kg7 24. Rg1 Rh8 25. Qg2 h5 26. gxh5 Ng5 27. Bxf4 exf4 28. e5 Bd8 29.
Rad1 Rxh5 30. e6 Qe7 31. Nc4 Qf6 32. Rde1 a6 33. Qg4 Be7 34. d6 Rah8 35. Rg2 Rh4
36. dxe7 Rxg4 37. Rxg4 Nxf3 38. e8=N+ Rxe8 39. Rf1 Qxe6 40. Rxf4 Nd4 0-1

[Event "Druzynowe  Mistrzostwa Polski w Szachach - I liga"]
[Site "Poronin-Limba"]
[Date "1899-12-30"]
[Round "7.22"]
[White "Wcislo, Damian"]
[Black "Skawinski, Arkadiusz"]
[Result "0-1"]
[WhiteTitle "k+"]
[BlackTitle "FM"]
[WhiteElo "2403"]
[BlackElo "2391"]

1. d4 d5 2. c4 c6 3. Nc3 Nf6 4. Nf3 dxc4 5. a4 Bf5 6. Ne5 Nbd7 7. Nxc4 Nb6 8. Ne5
a5 9. e3 g6 10. f3 Bg7 11. e4 Be6 12. Be3 O-O 13. Be2 Nbd7 14. Nxd7 Qxd7 15. O-O
Rfd8 16. d5 cxd5 17. Bb6 d4 18. Bxd8 Rxd8 19. Bb5 Qd6 20. Ne2 d3 21. Nc3 Nh5 22.
Qd2 Bd4+ 23. Kh1 Qc5 24. e5 Qxe5 25. Ne4 Bb6 26. Rae1 Rd4 27. f4 Qd5 28. Ng5 Nxf4
29. Nxe6 Nxe6 30. b3 Qd6 31. Bc4 Nf4 32. Rf3 e5 33. Rfe3 Bc5 34. Qxa5 d2 35. Qa8+
Kg7 36. Rd1 Rxc4 37. bxc4 Bxe3 38. Qxb7 Nd3 0-1

[Event "Druzynowe  Mistrzostwa Polski w Szachach - I liga"]
[Site "Poronin-Limba"]
[Date "1899-12-30"]
[Round "7.23"]
[White "Plichta, Kamil"]
[Black "Kowalczyk, Pawel"]
[Result "0-1"]
[WhiteTitle "FM"]
[BlackTitle "k+"]
[WhiteElo "2363"]
[BlackElo "2330"]

1. Nf3 c5 2. c4 Nf6 3. g3 b6 4. Bg2 Bb7 5. O-O e6 6. b3 Be7 7. Bb2 O-O 8. e3 d5
9. Nc3 dxc4 10. bxc4 Nc6 11. Qe2 Qd7 12. d3 Rad8 13. Rad1 Qc8 14. Ne1 Rd7 15.
f4 Rfd8 16. g4 Nb4 17. Bxb7 Qxb7 18. a3 Nc6 19. f5 Ne8 20. fxe6 fxe6 21. Ng2 Nc7
22. Nf4 Rf8 23. Ne4 b5 24. Nh5 Ne8 25. cxb5 Qxb5 26. Rxf8+ Bxf8 27. Nf4 Nd8 28.
g5 Nd6 29. Ng3 g6 30. Bf6 Qb3 31. Rf1 N8f7 32. Qd1 Qxd1 33. Rxd1 Nf5 34. Nxf5
exf5 35. Rb1 Bd6 36. Kf2 c4 37. dxc4 Bxf4 38. exf4 Nd6 39. Rc1 Ne4+ 40. Ke3 Nc5
41. Rc3 Kf7 42. Bd4 Ne6 43. Be5 Nc5 44. Bd4 Ne6 45. Rd3 Ke8 46. a4 Rc7 47. Rc3
Rd7 48. Be5 Nc5 49. a5 Kd8 50. Ra3 a6 51. Bd4 Ne6 52. Bb6+ Kc8 53. Ra1 Kb7 54.
h4 Kc6 55. h5 Nc5 56. hxg6 hxg6 57. Rh1 Rd3+ 58. Ke2 Rd6 59. Rh8 Re6+ 60. Kf3
Ne4 61. Rc8+ Kd7 62. Rc7+ Kd6 63. Ra7 Nd2+ 64. Kf2 Nxc4 65. Bd8 Kd5 66. Rg7 Nd6
67. Kf3 Ne4 68. Rg8 Rc6 69. Bb6 Nd2+ 70. Ke2 Nc4 71. Rd8+ Rd6 72. Rg8 Nxb6 73.
axb6 Rxb6 74. Kd3 Kc5 75. Kc3 Kb5 76. Kb3 Kc5+ 77. Kc3 Rc6 78. Rg7 a5 79. Rf7
Kd5+ 80. Kb3 Ke4 81. Rf6 Rc5 82. Rxg6 Kxf4 83. Rg8 Kg4 84. g6 f4 0-1

[Event "Druzynowe  Mistrzostwa Polski w Szachach - I liga"]
[Site "Poronin-Limba"]
[Date "1899-12-30"]
[Round "7.24"]
[White "Majdan, Joanna"]
[Black "Przezdziecka, Ewa"]
[Result "1-0"]
[WhiteTitle "WGM"]
[BlackTitle "WFM"]
[WhiteElo "2361"]
[BlackElo "2183"]

1. e4 c6 2. d4 d5 3. exd5 cxd5 4. Bd3 Nc6 5. c3 Nf6 6. Bf4 Bg4 7. Ne2 e6 8. Qb3
Qd7 9. Be5 Bh5 10. Nf4 Bg6 11. Nxg6 hxg6 12. Nd2 Ng4 13. Bg3 Na5 14. Qd1 Nh6 15.
Nf3 Bd6 16. Ne5 Bxe5 17. Bxe5 O-O 18. Bf4 Qe7 19. h4 Nc4 20. Qe2 Rac8 21. Bg5
Qe8 22. h5 Nf5 23. g4 Nfd6 24. h6 Qc6 25. hxg7 Kxg7 26. Bh6+ Kf6 27. Bxf8 Rxf8
28. Rh7 b5 29. a3 Ne4 30. Kf1 Ncd2+ 31. Kg2 Qd6 32. Bxe4 Nxe4 33. Qe3 Ke7 34.
Re1 a5 35. f3 Qg3+ 36. Kf1 Nd6 37. Qxe6+ 1-0

[Event "Druzynowe  Mistrzostwa Polski w Szachach - I liga"]
[Site "Poronin-Limba"]
[Date "1899-12-30"]
[Round "7.25"]
[White "Tazbir, Marcin"]
[Black "Cukrowski, Filip"]
[Result "1-0"]
[WhiteTitle "GM"]
[BlackTitle "FM"]
[WhiteElo "2519"]
[BlackElo "2414"]

1. c4 Nf6 2. g3 g6 3. Bg2 Bg7 4. Nc3 c5 5. e3 O-O 6. Nge2 e6 7. Nf4 Nc6 8. O-O
Ne5 9. b3 d5 10. cxd5 Nxd5 11. Nfxd5 exd5 12. Bxd5 Bg4 13. f3 Bh3 14. Bxb7 Rb8
15. Be4 f5 16. Bd5+ Kh8 17. Qe2 Bxf1 18. Kxf1 Nd7 19. f4 Nb6 20. Bf3 Nd5 21. Bb2
Nb4 22. Rd1 Nxa2 23. Qc4 Nb4 24. Ke2 Qd7 25. Na4 Bxb2 26. Nxb2 Qb5 27. Ra1 a6
28. Kd1 Qxc4 29. Nxc4 Rfd8 30. Ne5 Kg7 31. Ra5 Rb5 32. Ra3 Rb6 33. Nc4 Rbb8 34.
Be2 Rd7 35. Ne5 Rd5 36. Bc4 Rd6 37. Ra5 Rc8 38. Nf7 Rb6 39. Ng5 Rcc6 40. d3 h6
41. Nf3 Rc7 42. Kd2 Rd6 43. Kc3 Kf6 44. d4 cxd4+ 45. Kxb4 Rb6+ 46. Ka3 dxe3 47.
Re5 Re7 48. Kb2 Rd6 49. Kc3 g5 50. Rxe7 Kxe7 51. fxg5 hxg5 52. Nxg5 Rd2 53. Nf3
Rf2 54. Nd4 a5 55. h3 Kf6 56. Ne2 Ke5 57. Kd3 Rf3 58. h4 Kf6 59. Bd5 Rf1 60. Kxe3
Ke5 61. Bc4 Ra1 62. Bb5 Rb1 63. Nd4 Re1+ 64. Be2 Ra1 65. Bd3 Ra3 66. Bxf5 a4 67.
Bc2 axb3 68. Bxb3 Ra1 69. Nf3+ Kf5 70. Bc4 Ra3+ 71. Kf2 Ra8 72. Bd3+ Kg4 73. Ne5+
Kh5 74. Be2+ Kh6 75. g4 Rf8+ 76. Nf3 Re8 77. Bd3 Kg7 78. g5 Ra8 79. Kg3 Ra3 80.
Be4 Rb3 81. Kf4 Rb4 82. h5 Ra4 83. h6+ Kg8 84. Ne5 Ra1 85. g6 Rf1+ 86. Kg5 Rg1+
87. Ng4 1-0

[Event "Druzynowe  Mistrzostwa Polski w Szachach - I liga"]
[Site "Poronin-Limba"]
[Date "1899-12-30"]
[Round "7.27"]
[White "Nurkiewicz, Maciej"]
[Black "Sabuk, Piotr"]
[Result "1-0"]
[WhiteTitle "m"]
[BlackTitle "IM"]
[WhiteElo "2365"]
[BlackElo "2376"]

1. d4 d5 2. c4 e6 3. Nc3 Be7 4. Nf3 Nf6 5. Bg5 h6 6. Bxf6 Bxf6 7. e3 O-O 8. Qd2
dxc4 9. Bxc4 c5 10. O-O cxd4 11. exd4 b6 12. Rfd1 Bb7 13. Qf4 Na6 14. Ne4 Be7
15. Ne5 Nc7 16. Rac1 Nd5 17. Qg3 Rc8 18. a3 Rc7 19. Bb5 Qc8 20. Rxc7 Qxc7 21.
Nc6 Qxg3 22. hxg3 a6 23. Nxe7+ Nxe7 24. Nd6 axb5 25. Nxb7 b4 26. axb4 Nd5 27.
b5 Rc8 28. Nd6 Rc2 29. b3 Rc3 30. Ra1 Kf8 31. Ra7 Rc1+ 32. Kh2 Rc7 33. Ra8+ Ke7
34. Nc4 Rb7 35. Rg8 g6 36. Ne5 Rc7 37. Nc6+ Kf6 38. Rb8 Rd7 39. f3 Rd6 40. Rb7
h5 41. Ne5 Ne7 42. Rd7 Rd5 43. g4 Rxd7 44. Nxd7+ Kg5 45. Nxb6 hxg4 46. fxg4 Kf4
47. Nd7 Ke4 48. b6 Kxd4 49. b7 Nc6 50. b4 Kd5 1-0

[Event "Druzynowe  Mistrzostwa Polski w Szachach - I liga"]
[Site "Poronin-Limba"]
[Date "1899-12-30"]
[Round "7.28"]
[White "Goluch, Piotr"]
[Black "Bartel, Michal"]
[Result "0-1"]
[WhiteTitle "FM"]
[BlackTitle "FM"]
[WhiteElo "2275"]
[BlackElo "2337"]

1. e4 e5 2. Nf3 Nc6 3. Bb5 a6 4. Ba4 Nf6 5. O-O b5 6. Bb3 Be7 7. Re1 d6 8. c3 O-O
9. h3 Na5 10. Bc2 c5 11. d4 Qc7 12. Nbd2 Bd7 13. Nf1 Nc4 14. b3 Nb6 15. Ne3 c4
16. bxc4 bxc4 17. Ba3 Rfe8 18. d5 Bf8 19. Rb1 g6 20. Nd2 Rec8 21. Kh2 Bh6 22.
Rxb6 Qxb6 23. Ndxc4 Rxc4 24. Nxc4 Qxf2 25. Rf1 Bf4+ 26. Kh1 Qg3 27. Rxf4 exf4
28. Qf3 Rc8 29. Bb3 Bb5 30. Nxd6 Rxc3 31. Qxg3 fxg3 32. Kg1 Re3 33. Bb4 Nxe4 34.
Nxb5 axb5 35. Kf1 f5 36. d6+ Kg7 37. d7 Rd3 38. a4 Rxd7 39. axb5 Nd2+ 40. Bxd2
Rxd2 0-1

[Event "Druzynowe  Mistrzostwa Polski w Szachach - I liga"]
[Site "Poronin-Limba"]
[Date "1899-12-30"]
[Round "7.29"]
[White "Sliwerski, Radoslaw"]
[Black "Krupa, Monika"]
[Result "0-1"]
[WhiteTitle "k++"]
[BlackTitle "WGM"]
[WhiteElo "1969"]
[BlackElo "2230"]

1. d4 Nf6 2. c4 e6 3. Nc3 Bb4 4. g3 c5 5. Nf3 cxd4 6. Nxd4 Nc6 7. Bg2 O-O 8. O-O
Ne5 9. Qb3 Qa5 10. Ne4 Nxe4 11. Bxe4 Nxc4 12. Qxc4 d5 13. Bxh7+ Kxh7 14. Qd3+
Kg8 15. Nf3 Be7 16. Bg5 f6 17. Bh6 Qa4 18. Nh4 Rf7 19. Bd2 Qe4 20. Qxe4 dxe4 21.
Rac1 g5 22. Ng2 Bd7 23. Bc3 Bb5 24. Rfe1 Rd8 25. Ne3 Kh7 26. Nc2 Bc5 27. b4 Bb6
28. Na3 Bc6 29. e3 Kg6 30. Nc4 Bc7 31. Bd4 Rh7 32. Kg2 e5 33. Bxa7 Bd7 34. h4
Bg4 35. Rg1 Bf3+ 36. Kh3 g4+ 37. Kh2 Rdh8 38. Rg2 Ra8 39. Bc5 Rxa2 40. b5 Rd7
41. b6 Bd8 42. Bb4 Be7 43. Bc3 Kf5 44. Bb2 Be2 45. Nxe5 fxe5 46. Rc7 Ke6 47. Bxe5
Bf3 0-1

[Event "Druzynowe  Mistrzostwa Polski w Szachach - I liga"]
[Site "Poronin-Limba"]
[Date "1899-12-30"]
[Round "8.1"]
[White "Rudolf, Michal"]
[Black "Cukrowski, Filip"]
[Result "1/2-1/2"]
[WhiteTitle "FM"]
[BlackTitle "FM"]
[WhiteElo "2360"]
[BlackElo "2414"]

1. e4 c5 2. Nf3 d6 3. Bb5+ Nc6 4. Bxc6+ bxc6 5. O-O e5 6. c3 Bg4 7. h3 Bh5 8. Re1
Be7 9. d4 Qc7 10. dxe5 dxe5 11. Be3 Nf6 12. Nbd2 O-O 13. Qa4 Rab8 14. b3 Nd7 15.
Qc4 Nb6 16. Qe2 Rbd8 17. Nf1 f5 18. exf5 e4 19. Bd2 exf3 20. Qxe7 Rd7 21. Qe5
fxg2 22. Kxg2 Qd8 23. f6 Rd5 24. Qe7 Rxf6 25. Qxd8+ Rxd8 26. Re5 Bf3+ 27. Kh2
h6 28. Kg3 Rdf8 29. Nh2 Rg6+ 30. Ng4 Nd7 31. Re3 Bxg4 32. hxg4 h5 33. f3 hxg4
34. f4 Nf6 35. Rh1 Rh6 36. Rxh6 gxh6 37. Re6 Kf7 38. f5 Rd8 39. Bxh6 Rd3+ 40.
Kg2 Rxc3 41. Rxc6 Ne4 42. Rc7+ Ke8 43. Bg7 Rg3+ 44. Kh2 Rh3+ 45. Kg2 Rg3+ 1/2-1/2

[Event "Druzynowe  Mistrzostwa Polski w Szachach - I liga"]
[Site "Poronin-Limba"]
[Date "1899-12-30"]
[Round "8.2"]
[White "Sabuk, Piotr"]
[Black "Warszawski, Bartosz"]
[Result "1-0"]
[WhiteTitle "IM"]
[BlackTitle "m"]
[WhiteElo "2376"]
[BlackElo "2202"]

1. e4 c5 2. Nf3 d6 3. d4 cxd4 4. Nxd4 Nf6 5. Nc3 a6 6. Be2 e6 7. O-O Be7 8. f4
O-O 9. Kh1 Qc7 10. a4 Nc6 11. Be3 Re8 12. Bf3 Bd7 13. Nb3 b6 14. Qe2 Bc8 15. Rad1
Bb7 16. Bf2 Nd7 17. Bg3 Rad8 18. e5 dxe5 19. fxe5 Nc5 20. Bh5 Rf8 21. Nd5 Rxd5
22. Rxd5 exd5 23. e6 Qd8 24. exf7+ Kh8 25. Bg6 hxg6 26. Nxc5 bxc5 27. Qe6 Bg5
28. Bd6 Ne7 29. Rf3 Bc8 30. Rh3+ Bh6 31. Rxh6+ gxh6 32. Qf6+ Kh7 33. Bxe7 Qa5
34. c3 Qxa4 35. h3 Re8 36. f8=N+ Rxf8 37. Qxf8 Be6 38. Bf6 1-0

[Event "Druzynowe  Mistrzostwa Polski w Szachach - I liga"]
[Site "Poronin-Limba"]
[Date "1899-12-30"]
[Round "8.3"]
[White "Chalupnik, Marcin"]
[Black "Goluch, Piotr"]
[Result "1/2-1/2"]
[WhiteTitle "k++"]
[BlackTitle "FM"]
[WhiteElo "2176"]
[BlackElo "2275"]

1. e4 c6 2. Nc3 e5 3. Nf3 d6 4. d4 Nd7 5. Bc4 Be7 6. O-O Ngf6 7. Bb3 O-O 8. Re1
Qc7 9. a4 a5 10. Bg5 h6 11. Bh4 Re8 12. Qd2 Bf8 13. Rad1 Qb6 14. dxe5 dxe5 15.
Qe2 Bc5 16. Nd2 Bd4 17. Qf3 Qc7 18. Nc4 Rb8 19. Ne3 Bxe3 20. Rxe3 g5 21. Qf5 gxh4
22. Rxd7 Qxd7 23. Qxf6 Re6 24. Bxe6 Qxe6 25. Qxh4 Bd7 26. Rd3 Kh7 27. b3 Rg8 28.
Rg3 Qd6 29. Rxg8 Qd2 30. h3 Kxg8 31. Qg3+ Kh7 32. Qd3 Qxd3 33. cxd3 Be6 34. Kf1
Bxb3 35. Ke2 Kg6 36. Ke3 f6 37. g3 Kf7 38. f4 Ke7 39. g4 Kd6 40. fxe5+ fxe5 41.
h4 Be6 42. g5 hxg5 43. hxg5 Bb3 44. d4 exd4+ 45. Kxd4 b6 46. g6 Ke6 47. g7 Kf7
48. Ke5 b5 49. axb5 cxb5 50. Nxb5 Bc2 1/2-1/2

[Event "Druzynowe  Mistrzostwa Polski w Szachach - I liga"]
[Site "Poronin-Limba"]
[Date "1899-12-30"]
[Round "8.4"]
[White "Krupa, Monika"]
[Black "Bednarska-bzdega, Malgorzata"]
[Result "1-0"]
[WhiteTitle "WGM"]
[BlackTitle "WFM"]
[WhiteElo "2230"]
[BlackElo "2008"]

1. e4 Nf6 2. e5 Nd5 3. Nc3 Nxc3 4. bxc3 d5 5. d4 c5 6. Nf3 Bg4 7. h3 Bh5 8. g4
Bg6 9. e6 Nc6 10. exf7+ Bxf7 11. Rb1 Qc7 12. Bb5 O-O-O 13. Bxc6 Qxc6 14. Ne5 Qe6
15. Qe2 c4 16. Bf4 Be8 17. Kd2 Rd6 18. Qf3 Rb6 19. Rxb6 axb6 20. Re1 Qf6 21. Qe3
h6 22. Nf3 Bd7 23. Be5 Qf7 24. Bg3 Qf6 25. Be5 Qf7 26. Rb1 b5 27. Bg3 Qf6 28.
Ne5 Be8 29. f4 h5 30. f5 g5 31. Nf3 Rg8 32. Qe5 Qxe5 33. dxe5 h4 34. Bh2 Bc6 35.
Nd4 Bg7 36. Nxb5 Kd7 37. Nd4 Ra8 38. Rb2 Kc8 39. Ne6 Bh6 40. Bg1 Kd7 41. Be3 Rg8
42. Rb6 Bg7 43. Bd4 Bh8 44. a4 Kc8 45. a5 Bd7 46. Nc5 1-0

[Event "Druzynowe  Mistrzostwa Polski w Szachach - I liga"]
[Site "Poronin-Limba"]
[Date "1899-12-30"]
[Round "8.5"]
[White "Hnydiuk, Aleksander"]
[Black "Tazbir, Marcin"]
[Result "1/2-1/2"]
[WhiteTitle "IM"]
[BlackTitle "GM"]
[WhiteElo "2409"]
[BlackElo "2519"]

1. Nf3 d5 2. d4 Nf6 3. c4 e6 4. g3 Bb4+ 5. Bd2 Be7 6. Bg2 O-O 7. O-O c6 8. Qc2
Nbd7 9. Bf4 a5 10. b3 h6 11. Nc3 Nh5 12. Bd2 f5 13. Na4 Nhf6 14. Nb2 Ne4 15. Nd3
Bf6 16. Rfd1 Qb6 17. c5 Qd8 18. Rac1 Nxd2 19. Qxd2 g5 20. e3 Qc7 21. Qc3 g4 22.
Nfe5 Nxe5 23. Nxe5 Bd7 24. h4 Rfb8 25. Rc2 Be8 26. Rdc1 Kg7 27. Rd2 Ra7 28. Nd3
Bd7 29. Rdc2 Kf7 30. Rd2 Be8 31. Rdc2 Bd7 1/2-1/2

[Event "Druzynowe  Mistrzostwa Polski w Szachach - I liga"]
[Site "Poronin-Limba"]
[Date "1899-12-30"]
[Round "8.6"]
[White "Cyborowski, Lukasz"]
[Black "Plat, Vojtech"]
[Result "0-1"]
[WhiteTitle "GM"]
[BlackTitle "GM"]
[WhiteElo "2522"]
[BlackElo "2539"]

1. d4 Nf6 2. Nf3 g6 3. Nbd2 d5 4. e3 Bg7 5. b4 O-O 6. c4 dxc4 7. Bxc4 Nd5 8. a3
b5 9. Bxd5 Qxd5 10. Bb2 a5 11. O-O Nc6 12. Rc1 axb4 13. Rc5 Qa2 14. Rxc6 Qxb2
15. axb4 Qxb4 16. Rxc7 Be6 17. Ne4 Bc4 18. Re1 Ra2 19. Ned2 Be6 20. Rc5 Rfa8 21.
h3 Rb2 22. Ne4 Bc4 23. Ned2 Be6 24. Ne4 h6 25. Nc3 Bc4 26. Nd5 Qa5 27. Nxe7+ Kh7
28. Ne5 Bxe5 29. Rxe5 Bb3 30. Qc1 Qa2 31. Qc6 Rxf2 32. Kh1 Bc4 33. Rg1 Qa6 34.
Qc5 Qf6 35. Nd5 Qh4 36. Nc3 Bf1 0-1

[Event "Druzynowe  Mistrzostwa Polski w Szachach - I liga"]
[Site "Poronin-Limba"]
[Date "1899-12-30"]
[Round "8.7"]
[White "Nguyen, Piotr"]
[Black "Nurkiewicz, Maciej"]
[Result "1-0"]
[WhiteTitle "IM"]
[BlackTitle "m"]
[WhiteElo "2409"]
[BlackElo "2365"]

1. d4 Nf6 2. Bg5 Ne4 3. Bf4 d5 4. e3 Bf5 5. f3 Nf6 6. c4 e6 7. Qb3 b6 8. Nc3 c6
9. g4 Bg6 10. h4 h6 11. cxd5 exd5 12. O-O-O Bd6 13. Nh3 Qc7 14. Bd3 Bxd3 15. Rxd3
Nbd7 16. Kb1 Bxf4 17. Nxf4 Qd6 18. Qc2 a6 19. Rdd1 Ng8 20. Qh2 O-O-O 21. e4 dxe4
22. fxe4 Ne7 23. Nfd5 1-0

[Event "Druzynowe  Mistrzostwa Polski w Szachach - I liga"]
[Site "Poronin-Limba"]
[Date "1899-12-30"]
[Round "8.8"]
[White "Bartel, Michal"]
[Black "Wcislo, Damian"]
[Result "1/2-1/2"]
[WhiteTitle "FM"]
[BlackTitle "k+"]
[WhiteElo "2337"]
[BlackElo "2403"]

1. e4 c5 2. Nf3 Nc6 3. Bb5 e6 4. O-O Nge7 5. d4 cxd4 6. Nxd4 Ng6 7. Nb3 Be7 8.
Nc3 O-O 9. Be3 a6 10. Be2 b5 11. f4 Bb7 12. Qe1 d6 13. Rd1 Qc7 14. Qg3 Bf6 15.
Rd2 Nce7 16. Bd3 b4 17. Ne2 Rfc8 18. Nbd4 e5 19. fxe5 Bxe5 20. Qf2 Rf8 21. c4
bxc3 22. Nxc3 d5 23. h3 dxe4 24. Bxe4 Bxe4 25. Nxe4 Nd5 26. Nf5 Nxe3 27. Qxe3
Rae8 28. Qf3 Bf4 29. Re2 Re5 30. Qg4 h5 31. Qxh5 Rfe8 32. Ng5 Nf8 33. Rxe5 Rxe5
34. Rxf4 Re1+ 35. Kf2 Qxf4+ 36. Kxe1 Qxf5 37. h4 Qb1+ 38. Qd1 Qxa2 39. Qd4 f6
40. Nf3 Ne6 41. Qc3 Kf7 42. Kf2 Qd5 43. Qd2 Qc5+ 44. Kg3 Qc7+ 45. Kf2 Nf4 46.
Kg1 Qc5+ 47. Kh2 Nd5 48. Qd4 Qc7+ 49. Kg1 Nf4 50. Qe3 Ne6 1/2-1/2

[Event "Druzynowe  Mistrzostwa Polski w Szachach - I liga"]
[Site "Poronin-Limba"]
[Date "1899-12-30"]
[Round "8.9"]
[White "Kowalczyk, Pawel"]
[Black "Sliwerski, Radoslaw"]
[Result "1-0"]
[WhiteTitle "k+"]
[BlackTitle "k++"]
[WhiteElo "2330"]
[BlackElo "1969"]

1. e4 c5 2. Nf3 d6 3. d4 cxd4 4. Nxd4 Nf6 5. f3 e5 6. Nb5 a6 7. N5c3 Be6 8. Nd5
Bxd5 9. exd5 Nbd7 10. c4 Be7 11. Nc3 Rc8 12. Be2 O-O 13. O-O b5 14. cxb5 axb5
15. Nxb5 Qb6+ 16. Kh1 Qc5 17. Bg5 Qxd5 18. Qxd5 Nxd5 19. Bxe7 Nxe7 20. Nxd6 Rc2
21. Bb5 Rxb2 22. Bxd7 Rd8 23. Nc4 Rc2 24. Nxe5 f6 25. Rfd1 1-0

[Event "Druzynowe  Mistrzostwa Polski w Szachach - I liga"]
[Site "Poronin-Limba"]
[Date "1899-12-30"]
[Round "8.10"]
[White "Kulon, Klaudia"]
[Black "Majdan, Joanna"]
[Result "1/2-1/2"]
[WhiteTitle "WGM"]
[BlackTitle "WGM"]
[WhiteElo "2346"]
[BlackElo "2361"]

1. e4 c5 2. Be2 Nc6 3. f4 g6 4. Nf3 Bg7 5. O-O d6 6. d3 Nf6 7. Kh1 O-O 8. Qe1 d5
9. e5 Ne8 10. c3 d4 11. Nbd2 dxc3 12. bxc3 Bf5 13. d4 cxd4 14. cxd4 Nb4 15. Qf2
Nc7 16. Nh4 Bc2 17. Ba3 Nc6 18. Bf3 Nxd4 19. Bxb7 Rb8 20. Be4 Nce6 21. Rac1 Bxe4
22. Nxe4 Qd5 23. Nc3 Qb7 24. f5 gxf5 25. Nxf5 Nxf5 26. Qxf5 Rbd8 27. Rce1 Rd2
28. Qg4 Rd3 29. Qc4 Qd7 30. Rd1 Rd8 31. Qg4 Qd4 32. Qxd4 R8xd4 33. Rxd3 Rxd3 34.
Rf3 Rxf3 35. gxf3 Bxe5 36. Nd5 Kg7 37. Nxe7 Nd4 38. Kg2 Nc2 39. Bc5 Ne1+ 40. Kf1
Nxf3 41. Bxa7 Nxh2+ 42. Kg2 Ng4 43. Bb6 Kf6 44. Nc6 Ke6 45. a4 Kd7 46. Nxe5+ Nxe5
47. Kg3 Kc6 48. Bd8 Kc5 49. Kf4 Nc6 50. Bc7 Nd4 51. Ke5 Nc6+ 52. Kf6 1/2-1/2

[Event "Druzynowe  Mistrzostwa Polski w Szachach - I liga"]
[Site "Poronin-Limba"]
[Date "1899-12-30"]
[Round "8.11"]
[White "Karpus, Michal"]
[Black "Brodowski, Piotr"]
[Result "1-0"]
[WhiteTitle "FM"]
[BlackTitle "IM"]
[WhiteElo "2267"]
[BlackElo "2439"]

1. e4 c5 2. Nf3 Nc6 3. d4 cxd4 4. Nxd4 g6 5. c4 Bg7 6. Be3 Nf6 7. Nc3 d6 8. Be2
O-O 9. O-O Nxd4 10. Bxd4 Bd7 11. h3 Bc6 12. Qc2 a5 13. Rad1 Qc7 14. Nd5 Bxd5 15.
exd5 b5 16. c5 dxc5 17. Qxc5 Qd8 18. Bxb5 Ne4 19. Qc2 Bxd4 20. Rxd4 Nd6 21. Bc6
Qb6 22. Rd2 Rac8 23. Re1 Rc7 24. a3 Rd8 25. Qa4 Nf5 26. Qd1 Qc5 27. Ba4 Rb7 28.
Qc1 Qd6 29. Red1 Rdb8 30. Bc2 Ng7 31. Be4 Qe5 32. Re1 Rc7 33. Qd1 Qd6 34. Qa4
Rc5 35. Rc2 Ne8 36. Rec1 Rxc2 37. Rxc2 Nf6 38. Bf3 Qb6 39. Qf4 Qb3 40. Rd2 Ne8
41. Qe5 Rb7 42. d6 Rd7 43. Qxa5 Qe6 44. Qa8 Qe1+ 45. Kh2 Qxd2 46. Qxe8+ Kg7 47.
Qxd7 Qf4+ 48. g3 Qxf3 49. Qa7 exd6 50. Qd4+ f6 51. a4 1-0

[Event "Druzynowe  Mistrzostwa Polski w Szachach - I liga"]
[Site "Poronin-Limba"]
[Date "1899-12-30"]
[Round "8.12"]
[White "Bronowicki, Mateusz"]
[Black "Krainski, Aleksander"]
[Result "1/2-1/2"]
[WhiteTitle "FM"]
[BlackTitle "FM"]
[WhiteElo "2277"]
[BlackElo "2192"]

1. e3 e5 2. d4 exd4 3. exd4 Nf6 4. Bd3 Be7 5. Ne2 O-O 6. Nbc3 d5 7. Bf4 a6 8. Qd2
Nc6 9. a3 Be6 10. f3 b5 11. O-O Na5 12. b3 Nb7 13. Nd1 c5 14. dxc5 Nxc5 15. Nd4
Nxd3 16. Qxd3 Nd7 17. Ne3 Qb6 18. Kh1 Rad8 19. Rfe1 Bf6 20. Rad1 Nc5 21. Qd2 Bc8
22. Bg3 g6 23. Bf2 Qc7 24. Bg3 Qb6 25. Bf2 Qc7 26. Bg3 Qb6 27. Bf2 Qc7 28. Bg3
Qb6 29. Bf2 Qc7 30. Bg3 Qb6 1/2-1/2

[Event "Druzynowe  Mistrzostwa Polski w Szachach - I liga"]
[Site "Poronin-Limba"]
[Date "1899-12-30"]
[Round "8.13"]
[White "Krainski, Slawomir"]
[Black "Luch, Michal"]
[Result "1/2-1/2"]
[WhiteTitle "k"]
[BlackTitle "IM"]
[WhiteElo "2138"]
[BlackElo "2383"]

1. e4 Nf6 2. e5 Nd5 3. d4 d6 4. Nf3 dxe5 5. Nxe5 c6 6. Bc4 Nd7 7. Nf3 N7f6 8. h3
Bf5 9. c3 h6 10. O-O e6 11. Re1 Be7 12. Nbd2 O-O 13. Nf1 Qc7 14. Ng3 Bh7 15. Ne5
Rad8 16. Bd3 Bxd3 17. Nxd3 Rfe8 18. Qf3 b6 19. a3 b5 20. Ne4 Nxe4 21. Rxe4 Nf6
22. Re1 Nd7 23. Qg4 Nf6 24. Qf3 Nd7 25. Qg4 Nf6 26. Qf3 Nd7 27. Qg4 Nf6 28. Qf3
Nd7 29. Qg4 Nf6 30. Qf3 Nd7 1/2-1/2